Bibliografía sumaria de derecho mexicano (notice nᵒ 12134)
[ vue normale ]
| 000 -Sello discográfico | |
|---|---|
| campo de control de longitud fija | 01127nam a2200373 4500 |
| 005 - Identificación de versión | |
| campo de control | 20250925141633.0 |
| 035 ## - Otros números de control del sistema | |
| Número de control del sistema | 7044 |
| 099 ## - fechas locales | |
| Tipo de ítem Koha | LIBRO |
| 100 ## - Datos de procesamiento general | |
| Datos de procesamiento general | 19930801d1957 m y1spay5003 ba |
| 105 ## - Campo de datos codificados: Material textual, monográfico | |
| Datos codificados de monografía | y 001zy |
| 200 1# - Título y mención de responsabilidad | |
| Título propio | Bibliografía sumaria de derecho mexicano |
| Designación general del material | texto impreso |
| Primer mención de responsabilidad | Margarita de la Villa, José Luis Zambrano |
| Declaración de responsabilidad subsiguiente | bajo la dirección de Javier Elola |
| 210 ## - Publicación, distribución, etc. | |
| Lugar de publicación, distribución, etc. | México |
| Nombre del editor, distribuidor, etc. | Universidad Nacional Autónoma de México, Instituto de Derecho Comparado |
| Fecha de publicación, distribución, etc. | 1957 |
| 215 ## - Descripción física | |
| Designación de material específico y extensión del ítem | 200 p |
| Dimensiones | 23 cm |
| 318 ## - Nota de acción | |
| Acción | No se presta a domicilio |
| 345 ## - Nota de información de adquisición | |
| Fuente de adquisición/dirección de la suscripción [OBSOLETO] | Donación |
| 410 #1 - Series | |
| Título | Serie A - Fuentes |
| Nombre de parte o sección | a) Bibliografías |
| Número de volumen | 2 |
| 606 ## - Término temático usado como materia | |
| Elemento de entrada | Derecho |
| Subdivisión geográfica | México |
| Subdivisión temática | Bibliografía |
| Número Koha | 18756 |
| 660 ## - Código de área geográfica | |
| Código | MX |
| 676 ## - Clasificación Decimal Dewey | |
| Número | R016.34 V712b |
| 700 ## - Nombre personal - Responsabilidad primaria | |
| Elemento de entrada | Villa de Helguera |
| Parte del nombre distinta del elemento de entrada | Margarita de la |
| Número Koha | 18757 |
| 701 ## - Nombre personal - Responsabilidad alternativa | |
| Elemento de entrada | Zambrano |
| Parte del nombre distinta del elemento de entrada | José Luis |
| Número Koha | 18758 |
| 702 ## - Nombre personal - Responsabilidad secundaria | |
| Elemento de entrada | Elola |
| Parte del nombre distinta del elemento de entrada | Javier |
| Número Koha | 18759 |
| 801 #0 - Fuente de origen | |
| Agencia | cm |
| 900 ## - | |
| -- | 1/8863 |
| 900 ## - | |
| -- | 710934523\\010893 |
| 942 ## - ELEMENTOS DE ENTRADA SECUNDARIOS (KOHA) | |
| Tipo de ítem Koha | Livre |
Pas d'exemplaire disponible.